000 00435nam a2200169Ia 4500
005 20240626003759.0
008 240331s9999 xx 000 0 und d
020 _a0748728090
082 _a004.64
_bDOY
100 _aDoyle, S
245 0 _aInformation systems for you
250 _aRevised Edition
260 _aCheltenham
_bStanley Thornes (publishers) Ltd
_c1995
300 _a300 p .,
650 _aInformation systems
942 _cL
999 _c663
_d663